The Bureau of American Ethnology ; a partial history /

Bibliographic Details
Main Author: Judd, Neil Merton, 1887-1976
Format: Book
Language:English
Published: Norman : University of Oklahoma Press, [1967]
Edition:[1st ed.].
Subjects:

MARC

Tag First Indicator Second Indicator Subfields
LEADER 00000cam a22000001 4500
001 in00000038269
005 20151007080930.0
008 731212s1967 okucf b 00010 eng
010 |a  66022720  
035 |a (OCoLC)00419867 
035 |9 AAF5618AM 
040 |a DLC  |c DLC  |d TXA  |d UtOrBLW 
043 |a n-us--- 
049 |a TXAM  |c [469482] 
050 0 0 |a E51  |b .U655 
082 0 |a 301.2 
092 |a 301.2  |b J92b 
100 1 |a Judd, Neil Merton,  |d 1887-1976. 
245 1 4 |a The Bureau of American Ethnology ;  |b a partial history /  |c by Neil M. Judd. 
250 |a [1st ed.]. 
264 1 |a Norman :  |b University of Oklahoma Press,  |c [1967] 
300 |a xi, 139 pages :  |b plates, portraits ;  |c 23 cm. 
336 |a text  |b txt  |2 rdacontent 
337 |a unmediated  |b n  |2 rdamedia 
338 |a volume  |b nc  |2 rdacarrier 
504 |a The publications of the B.A.E.: pages 78-134. 
610 1 0 |a Smithsonian Institution.  |b Bureau of American Ethnology  |x History. 
999 |a MARS 
999 f f |s 3516aef9-2b60-38ee-84ce-2fed780fd5a5  |i f56c7488-bd2f-3db0-9e6f-2020e1230454  |t 0 
952 f f |p normal  |a Texas A&M University  |b College Station  |c Sterling C. Evans Library  |d Evans: Library Stacks  |t 0  |e E51 .U655  |h Library of Congress classification  |i unmediated -- volume  |m A14800639343 
998 f f |a E51 .U655  |t 0  |l Evans: Library Stacks